000 01204cab a22002055a 4500
001 L154463
008 131211e2011 xxk 000 0 eng d
035 _a(Sirsi) u154463
041 0 _aeng
100 1 _aJohnstone, Nick
245 0 0 _aMarkets
_bWest London
260 _c2011
490 0 _aProperty Week
_v77(48) 2 December 2011, 45-52(5)
520 _aBerkeley, Barratt and Mount Anvil vie to develop a £300m residential and retail scheme near Wandsworth Bridge. Speculative office development has returned to West London. Segro ringfences all its west London and Heathrow assets from its £1.6 property sell-off. Wainbridge commits to FC200, a 164 000 sq ft vacant office building in Hangar Lane. BBC and developer TCN to transform former BBC 100 000 sq ft London base, Centre House, in White City, into a modern media hub. Wereldhave completes purchase of Ealing Broadway Shopping Centre for £155.5m. Imperial College plans to develop office building at Wood Lane in White City.
590 _aKA
651 4 _aLondon
690 _aPROPERTY-COMMERCIAL PROPERTY-COMMERCIAL PROPERTY MARKET
690 _aPROPERTY-COMMERCIAL PROPERTY-COMMERCIAL PROPERTY FINANCE AND INVESTMENT
942 _n0
999 _c83631
_d83631